01058nam a2200277 a 450000100100000000500170001000800410002702000150006804000250008308200260010810000470013424500360018125000110021726000360022830000210026449000260028550000420031159000280035365000270038165000310040883000330043991000370047295201240050995201300063399900170076300003895120240530073921.0130508s2000 dr r 000 f spa d a8484000001 aDO-SdBNPbspacBNPHU aRD863.42bM385o, 20001 aMarrero Aristy, Ramón,d1913-195992232410aOver /cRamón Marrero Aristy. a20 ed. aSanto Domingo :bTaller,c2000. a213 p. ;c22 cm.1 aBiblioteca Tallerv14 aIncluye datos biográficos del autor aInventariado, 2019 / DG 0aNovela dominicana9223 0aLiteratura dominicana.967 0aBiblioteca Tallern14931998 aValidado. Control de calidad MFF 0010718PDaPDbPDcHDd2013-05-08iLF1l0oRD863.42 M385o, 2000p38951-10r2020-06-25w2020-06-25yLFPDZNo se presta 0010718PDaPDbPDcHDd2013-05-17iLF1l0oRD863.42 M385o, 2000p38951-20r2020-06-25te. 2w2020-06-25yLFPDZNo se presta c38441d38441